000 00633nam a2200229Ia 4500
003 OSt
005 20221005085748.0
006 a|||||r|||| 00| 0
007 ta
008 221004b |||||||| |||| 00| 0 eng d
024 _a18924
037 _bGift, 05/06/2015,
_cTextual
040 _aCRL
_cCRL
_beng
041 _2eng
_aeng
082 _aO111973w, K2.1
245 0 _aMajor writers of America
260 _aNew York
_bHarcourt Brace and World INC. USA
_c1962
300 _a1131p.
_ccm.
650 _aENGLISH LITERATURE
942 _hO111973w, K2.1
_cTEXL
_2cc
999 _c994735
_d994735